000 00406nam a2200157 i 4500
001 84916
003 ES-MaACL
005 20230906175136.0
007 t|
008 041124s1922 fr ||||1| fre d
100 1 _aJoly, Henri.
_966810
245 1 3 _aLe droit feminin /
_cHenri Joly.
260 _aParis :
_b[s.n.,
_c1922] (
_fHemmerlé et Cie.)
300 _a248 p. ;
_c18 cm.
852 _aES-MaACL
_jF-6432
999 _c84916
_d84916